00726nam a2200229Ia 450000500170000000800460001703700110006304000080007404000080008204000080009004100080009804100080010608400080011410000540012224501070017626000090028330000100029270000780030294200070038099900210038795200880040820260430150120.0008 250103s9999 xx 000 0 eng d aTheses aCRL beng ceng 2eng aeng qCRL aBhardwaj Sweta Au.; Tribhuwan Prasad Gu.91236505 0aTrade, Commercial Networks and Indian Merchants in the Red Sea & Arabian sea During Pre-Colonial Times c2021 a208p. aUniversity of Delhi. Faculty of Social Science. Deptt. of African Studies cTH c1848983d1848983 00104070aCRLbCRLd2026-04-30l0pTH0025821r2026-04-30 15:01:20w2026-04-30yTH